000 00876nam a2200277 4500
003 EC-UNACH
005 20240322165155.0
006 s||||gr|||| 00| 00
008 150116t9999 mx r gr 000 0 spa d
020 _a9978-43-926-9
040 _aEC-UNACH
_cEC-UNACH
041 _aspa
082 0 4 _223
_a372
_bL016049
110 _aDINEIB
245 _aIndicadores de logros de aprendizaje deseables para la educación básica
_bIndicadores de calidad
_cDINEIB
250 _aPrimera edición
264 _aEcuador
_bImprenta Santa Rita
_c2004
300 _a180 páginas
_bTablas
_c30 centímetros
505 _aLenguaje Integral.-- Centros educativos.-- Bibliografía
650 _aAprendizaje
650 _aContextualización
942 _2ddc
_c1
999 _c12388